Zwierzę na trzy litery z polskim znakiem w nazwie. - Statystyki

Ogólne statystyki
  • Ten quiz został rozwiązany 122 razy
  • Średni wynik to 4 z 8
Statystyki odpowiedzi
Hint Odpowiedź % Poprawnych
3. Łoś
64%
1. Wąż
64%
6. Koń
59%
4. Ryś
59%
7. Jeż
35%
8. Ćma
34%
5. Gęś
27%
2. Sęp
24%
Nie znaleziono quizów pasujących do podanych kryteriów
Rozkład punktacji
Procent ludzi z każdym wynikiem
Percentyl według liczby udzielonych odpowiedzi
Twoja historia wyników
Nie rozwiązałeś tego quizu